000 00595nam a2200229Ia 4500
003 OSt
005 20221006164202.0
006 a|||||r|||| 00| 0
007 ta
008 221006b |||||||| |||| 00| 0 eng d
024 _a3,196
037 _cTextual
040 _aFML
_cFML
_beng
041 _2eng
_aeng
082 _aP111,3, M2
100 _aThakur K P Au.
_9676788
245 0 _aA Practical Guide to English Grammar
260 _aPatna
_bBharti Bhawan
_c1982
300 _a651
_ccm.
942 _hP111,3, M2
_cTEXL
_2CC
999 _c1116447
_d1116447